| 000 | 00704nam a22001937a 4500 | ||
|---|---|---|---|
| 005 | 20251105160024.0 | ||
| 008 | 251104b |||||||| |||| 00| 0 eng d | ||
| 020 | _a9786214184170 | ||
| 082 | _aDFil 363.252 T122 2025 | ||
| 100 |
_aTaduran, Richard Jonathan O. _962576 |
||
| 245 |
_aScience of the scene : _bprinciples and techniques in crime scene investigation / _cRichard Jonathan O. Taduran. |
||
| 250 | _aSecond edition. | ||
| 260 |
_aQuezon City : _bWiseman's Books Trading, Inc., _c©2025. |
||
| 300 |
_axix, 358 pages : _billustrations ; _c22 cm. |
||
| 500 | _aIncludes references. | ||
| 650 | 0 |
_aCriminal investigation. _969231 |
|
| 650 | 0 |
_aCrime scene searches. _969233 |
|
| 942 |
_2ddc _cDFIL |
||
| 999 |
_c24136 _d24136 |
||